Mario, Link or Kirby? Quiz Stats

 Plays Quiz Updated Jul 30, 2018

Challenge
Share
Tweet
Embed
Score 0/30 Timer 05:00
12 Plays Today
Villain Name Answer % Correct
Bowser???
83.8%
Koopa Troopa???
83.7%
Goomba???
82.9%
Hammer Bros.???
81.4%
Shy Guy???
80%
Birdo???
74.6%
Ganondorf???
72.9%
Lakitu???
70.4%
King Dedede???
66.4%
Waddle Dee???
64.9%
Stalfos???
63.7%
Octorok???
63.4%
Moblin???
63%
ReDead???
62.7%
Darknut???
60%
Villain Name Answer % Correct
Whispy Woods???
58%
Wallmaster???
57.1%
Scarfy???
56.7%
Keese???
55.8%
Kracko???
53.9%
Pokey???
52.9%
Bronto Burt???
51.8%
Like Like???
50.6%
Wizzrobe???
49.7%
Dark Matter???
47.9%
Shotzo???
47.8%
Gordo???
42.6%
Poppy Bros. Jr.???
42.6%
Snifit???
40.9%
Phanto???
32.6%

You're not logged in!

Compare scores with friends on all Sporcle quizzes.
OR
Log In

You Might Also Like...

Show Comments

Extras

Top Quizzes Today


Score Distribution

Your Account Isn't Verified!

In order to create a playlist on Sporcle, you need to verify the email address you used during registration. Go to your Sporcle Settings to finish the process.

Report this User

Report this user for behavior that violates our Community Guidelines.

Details: